000 00502nam a2200181Ia 4500
001 1983
005 20260306143809.0
008 260306t2016||||xx |||||||||||||| ||spa||
041 _aESP
082 _a158.7098
_bU77
100 _aUribe Prado, Jesús Felipe
_eAUT
245 0 _aPsicología del trabajo. Un entorno de factores psicosociales saludables para la productividad
260 _c2016
300 _ali, 218 páginas :
_c23 cm.
650 _aGEN
654 _aCPS
942 _cLIB
_dJUS
_fJUS
_2ddc
_n
999 _c1983
_d1983